NMR in molecular biology (Record no. 36810)

MARC details
000 -LEADER
fixed length control field 00485nam a2200169Ia 4500
082 ## - DEWEY DECIMAL CLASSIFICATION NUMBER
Classification number 577.336
Item number JAR
100 ## - MAIN ENTRY--AUTHOR NAME
Personal name JARDETZKY, Oleg
245 #0 - TITLE STATEMENT
Title NMR in molecular biology
260 ## - PUBLICATION, DISTRIBUTION, ETC. (IMPRINT)
Place of publication New York
Name of publisher Academic
Year of publication 1981
490 ## - SERIES STATEMENT
Series statement Molecular biology. Ed by Bernard Horecker and others
650 ## - SUBJECT ADDED ENTRY--TOPICAL TERM
Topical Term NMR Spectra
650 ## - SUBJECT ADDED ENTRY--TOPICAL TERM
Topical Term Nuclear magnetic resonance
650 ## - SUBJECT ADDED ENTRY--TOPICAL TERM
Topical Term Protein-ligand interaction
700 ## - ADDED ENTRY--PERSONAL NAME
Personal name ROBERTS, G C K
942 ## - ADDED ENTRY ELEMENTS (KOHA)
Koha item type Books
Holdings
Withdrawn status Lost status Damaged status Not for loan Home library Current library Date acquired Full call number Accession Number Koha item type
        RRII Library RRII Library 16/12/2021 577.336 JAR 17208 Books